La Ghigliottina #10 - Statistics

Statistiche generali
  • Questo quiz è stato fatto 77 volte
  • Il punteggio medio è 5 su 6
Statistiche sulle risposte
Scelta Risposta % Corretto
Fratellanza o Vacanza? Vacanza
100%
Azzurro o Arancione? Azzurro
99%
Resto o Desto? Desto
99%
Timido o Lucido? Lucido
99%
Ribelle o Fedele? Ribelle
99%
PAROLA Sogno
52%
Nessun quiz corrispondente trovato
Distribuzione punteggi
Percentuale di utenti per punteggio
Percentile per numero di risposta
I tuoi punteggi nel tempo
Non hai fatto questo quiz